00685ccm a22002298a 45000010008000000030005000080050017000130080041000300100017000710200028000880400018001160500022001340820028001562450052001842500012002362600039002483000029002875040059003165050033003756500022004087000025004305791105SISC20160318080905.0980515s1997 nyuuua n  a 98703134  a0028647459 (alk. paper) aDLCcDLCdDLC00aMT 825b.B27 1997 aHS 783.043 bSch54 199800aBasics of singing /c[compiled by] Jan Schmidt. a4th ed. aNew York :bSchirmer Books,c1997. a321 p. :bill. ;c28 cm. aIncludes bibliographical references (p. ) and index.0 aTechnique -- Song anthology. 0aSingingvMethods.1 aSchmidt, Jan,d1942-